000 00397nam a22001577a 4500
003 MPLRDC
005 20220104143800.0
008 210129b ||||| |||| 00| 0 eng d
082 _a848.1 CJR-8
100 _a曹聚仁著
245 _a秦淮感旧录 (第一集)
_c
260 _a
_b香港三育图书文具公司
_c1974
300 _b
650 _a现代别集
942 _cBK
_o848.1 CJR-8
999 _c43278
_d43268